[Event "EU-ch rapid"]
[Site "Warsaw"]
[Date "2010.12.18"]
[Round "1"]
[White "Jaracz, Pawel"]
[Black "Sjogren, Stig"]
[Result "1-0"]
[WhiteElo "2543"]
[BlackElo "1822"]
[PlyCount "77"]
[EventDate "2010.12.18"]
[EventType "swiss (rapid)"]
[EventRounds "13"]
[EventCountry "POL"]
[SourceTitle "CBM 139 Extra"]
[Source "ChessBase"]
[SourceDate "2011.01.05"]
[SourceVersion "1"]
[SourceVersionDate "2011.01.05"]
[SourceQuality "1"]

1. d4 d5 2. c4 e6 3. Nf3 Nf6 4. Nc3 c6 5. e3 Nbd7 6. Qc2 Bd6 7. b3 0-0 8. Be2 b6 9. 0-0 Bb7 10. Bb2 Re8 11. Rad1 Qc7 12. Rfe1 e5 13. dxe5 Nxe5 14. h3 Rad8 15. cxd5 cxd5 16. Nd4 a6 17. Qb1 Ned7 18. Rc1 Qb8 19. Bf3 Nc5 20. Nce2 Nce4 21. Red1 Be5 22. Nc6 Bxc6 23. Bxe5 Qxe5 24. Rxc6 Rd6 25. Rxd6 Nxd6 26. Qd3 Nde4 27. Qxa6 Ng5 28. Nd4 Nfe4 29. Qxb6 Nxf3+ 30. Nxf3 Qb2 31. Rf1 h6 32. Qb7 Qxa2 33. Qxd5 Nc3 34. Qc4 Qb2 35. Nd4 Ra8 36. b4 Ra2 37. b5 Nd1 38. Qc8+ Kh7 39. Qf5+ 1-0